| 000 | 00696cam a22002531 4500 | ||
|---|---|---|---|
| 999 |
_c9320 _d9320 |
||
| 001 | 9320 | ||
| 003 | BD-JhCC | ||
| 005 | 20180312194549.0 | ||
| 008 | 741120s1934 enk 000 0 eng | ||
| 035 |
_a(OCoLC)1081969 _a(BD-JhCC)9320 |
||
| 040 |
_aDLC _cOClW _dOCoLC _dDLC _dBD-JhCC |
||
| 041 | _aeng | ||
| 050 | 0 | 0 |
_aJC179.R9 _bC6 |
| 082 |
_a320.1 _bCOB 1934 |
||
| 100 | 1 | _aCobban, Alfred. | |
| 245 | 1 | 0 |
_aRousseau and the modern state, _cby Alfred Cobban. |
| 260 |
_aLondon, _bG. Allen & Unwin ltd. _c[1934] |
||
| 300 |
_a288 p. _c22 cm. |
||
| 600 | 1 | 0 |
_aRousseau, Jean-Jacques, _d1712-1778. |
| 650 | 0 | _aPolitical science. | |
| 650 | 0 | _aSocial contract. | |
| 942 |
_2ddc _cBK |
||